Quiz da Letónia - Statistics

Estatísticas Gerais
  • Esse quiz foi jogado 637 vezes
  • A pontuação média é 11 de 19
Estatísticas das Respostas
Dica Resposta % Correto
Países fazendo fronteira com a Letónia Estônia
97%
Países fazendo fronteira com a Letónia Lituânia
96%
Países fazendo fronteira com a Letónia Rússia
96%
A Letónia fazia parte deste país antes de 1991 União Soviética
93%
Países fazendo fronteira com a Letónia Bielorrússia
85%
Capital Riga
80%
Moeda oficial Euro
75%
Mar fazendo fronteira com a Letónia Mar {Báltico}
75%
A Letônia tem o segundo povo mais ____ do mundo, atrás apenas dos Países Baixos Alto
70%
Ramo do protestantismo, que é a maior denominação cristã do país Luteranismo
63%
Cerca de 52% da área da Leténia é coberta por isto Floresta
56%
Esporte mais popular Hóquei no gelo
54%
Este país controlava a parte norte da Letónia entre 1629 e 1721 Suécia
49%
A capital da Letónia tem o maior conjunto de edifícios construídos neste estilo arquitetônico Art {Nouveau}
35%
O explorador da Letónia Aleksandrs Laime foi o primeiro humano registrado a chegar a esta cachoeira sul-americana a pé Salto Ángel
26%
Jogador de basquete da Letónia que foi eleito estrela da NBA em 2018 Kristaps {Porziņģis}
24%
A capital da Letónia fazia parte desta confederação comercial da Idade Média Liga {Hanseática}
22%
Língua, começando com L, cujo último falante nativo morreu em 2013 Livônio
12%
Série de eventos que levaram à independência da Letónia e de dois países vizinhos Revolução {Cantada}
10%
Nenhum quiz correspondente encontrado
Distribuição das Pontuações
Porcentagem de Pessoas com Cada Pontuação
Percentil de Números Respondidos
Sua Pontuação Histórica
Você não jogou esse quiz